| 000 | 00662nam a2200217 4500 | ||
|---|---|---|---|
| 001 | 114464 | ||
| 003 | DR-UNIBE | ||
| 005 | 20260316114930.0 | ||
| 008 | 260316b2025 dr ||||| |||| 00| 0 spa d | ||
| 020 | _a9789945629576 | ||
| 040 |
_aBIBLIOTECA UNIBE _cBIBLIOTECA UNIBE _erda |
||
| 041 | _aspa | ||
| 082 | _aRD 861.44 C794p | ||
| 100 |
_aCordero, Tulio M. _9163608 |
||
| 245 | 1 | 0 |
_aPorque hay huellas tuyas en mi jardín / _cVivian Jiménez Quiñones |
| 260 |
_aSanto Domingo : _bBanco Central de la Republica Dominicana, _c2025 |
||
| 300 | _a150 páginas | ||
| 650 |
_2lemb _aPoesía dominicana |
||
| 650 |
_2lemb _aLiteratura dominicana |
||
| 942 |
_2ddc _cBK |
||
| 999 |
_c114464 _d114464 |
||